000 03722nam a22003137a 4500
003 DO-SdBNP
005 20260305073952.0
007 ta
008 210820e2018 dr abc|grf||| 001 e spa d
020 _a9789993439660
040 _aDO-SdBNP
_bspa
_cBNPHU
041 _hspa
082 4 _a972.93
_bM938m 2018
_222
100 1 _aMoya Pons, Frank,
_d1944-
_92095
245 1 3 _aManual de historia dominicana /
_cFrank Moya Pons.
250 _a16a. ed.
260 _aSanto Domingo :
_bLibrería La Trinitaria,
_c2018
300 _a761 p. :
_bil., mapas, retr.
_c23 cm
500 _aIncluye datos biográficos del autor en la contracubierta.
500 _aIncluye índice
505 _aPrefacio --
_tI. La sociedad taína --
_tII. La sociedad española en el siglo XV --
_tIII. El oro y las encomiendas de indios (1493-1520) --
_tIV. El azúcar y la esclavitud de los negros (1520-1607) --
_tV. Monopolio y contrabando en El Caribe (1503-1603) --
_tVI. La ganadería, el contrabando y las devastaciones (1503-1608) --
_tVII. Consecuencias de las devastaciones (1606-1655).--
_tVIII. Los bucaneros, los filibusteros y la invasión inglesa de 1655 (1621-1655) --
_tIX. La ocupación francesa del oeste de la isla (1655-1697) --
_tX. La pobreza dominicana en la segunda mitad del siglo XVII (1655-1700) --
_tXI. La recuperación económica de Santo Domingo (1697-1731) --
_tXII. La ocupación francesa de las tierras fronterizas (1697-1777) --
_tXIII. La formación de la frontera (1731-1789) --
_tXIV. La colonia francesa de Saint Domingue y la Revolución Haitiana (1789-1804) --
_tXV. El Tratado de Basilea y sus consecuencias (1795-1801) --
_tXVI. La era de Francia y la reconquista (1801-1809) --
_tXVII. La España Boba y la invasión de Boyer (1809-1822)--
_tXVIII. La dominación haitiana: comienzos (1822-1825) --
_tXIX. La dominación haitiana: problemas (1826-1838) --
_tXX. La Trinitaria, la reforma y la caída de Boyer (1838-1843) --
_tXXI. La separación (1843-1844) --
_tXXII. Guerra y política en el año (1844) --
505 _tXXIII. Santana (1844-1857 --
_tXXIV. Santana y Báez (1849-1857) --
_tXXV. Causas y consecuencias de la revolución de 1857 (1844-1861) --
_tXXVI. La anexión y la restauración (1861-1865) --
_tXXVII. La restauración y sus efectos inmediatos (1865- 1868) --
_tXXVIII. Los seis años de Báez (1868-1873) --
_tXXIX. Rojos, verdes y azulez (1873-1879) --
_tXXX. Los gobiernos azulez (1879-1886) --
_tXXXI La economía dominicana y el partido azul (1865-1886) --
_tXXXII Lilís y las deudas (1887-1899) --
_tXXXIII. La deuda y los comienzos de la influencia Americana (1899-1907) --
_tXXXIV. Rámón Cáceres (1906-1911) --
_tXXXV. El derrumbe de la soberanía (1911-1916) --
_tXXXVI. La ocupación militar norteamericana (1916-1924) --
_tXXXVII. Horacio Vásquez (1924-1930) --
_tXXXVIII. La Era de Trujillo (1930-1961) --
_tXXXIX. Democratización y guerra civil (1961-1966) --
_tXL. Los doce años de Balaguer (1966-1978) --
_tXLI. Antonio Guzmán (1978-1982).--
_tXLII. Salvador Jorge Blanco (1982-1986).--
_tXLIII. El retorno de Balaguer (1986-1990).--
_tXLIV. Marxistas vs socialdemócratas.--
_tBibliografía.--
_tGobiernos y gobernantes de la República Dominicana (1844-2002).--
_tÍndice onomástico --
_tÍndice analítico --
_tLáminas entre páginas: Los padres de la Patria --
_tRetratos de presidentes y gobernantes de la República Dominicana --
_tMapas y gráficos.
590 _aInventariado 2021 / MF
651 4 _aRepública Dominicana
_xCondiciones económicas
_xHistoria
_91210
651 4 _aRepública Dominicana
_xCondiciones sociales
_xHistoria
_91211
651 4 _aRepública Dominicana
_xPolítica y gobierno
_xHistoria
_91212
910 _aValidado. Control de calidad MFF
942 _2ddc
_cLBS1
999 _c50229
_d50229